Quem decide no Supremo?

Detalles Bibliográficos
Autor principal: Werneck Arguelhes, Diego
Otros Autores: Couto Fernandes de Almeida, Guilherme da Franca, Pereira, Thomaz
Formato: eBook
Lenguaje:portugués
Publicado: Rio de Janeiro: FGV - Direito Rio, 2020
Materias:
Acceso en línea:Acceso restringido

MARC

LEADER 00000nam a22000007a 4500
005 20210414223323.0
007 cr|||| ||||
008 210414s2020 br |||||s|||| 00||0 por d
020 |a 978-65-86060-05-8 
035 |a 32806 
040 |a vLex 
090 |c 11458  |d 11458 
100 1 |a Werneck Arguelhes, Diego 
245 1 0 |a Quem decide no Supremo?  |h [Recurso electrn̤ico] /  |c Diego Werneck Arguelhes, Guilherme da Franca Couto Fernandes de Almeida, Thomaz Pereira 
256 |a Servicio en ln̕ea 
260 |a Rio de Janeiro:  |b FGV - Direito Rio,  |c 2020 
300 |a 1 recurso electrn̤ico 
500 |a Tipos de decisô colegiada no tribunal (1988-2018). 
506 1 |a Disponible solo en los productos indicados  |d vLex Global  |d vLex Global (Academic Edition, excluding Law Schools)  |d vLex Global (U.S. Academic Edition, Law Schools)  |d vLex Global (U.S. Academic Edition, excluding Law Schools)  |d vLex Global (Academic Edition, Law Schools) 
650 0 4 |a Derecho Constitucional  |z Brasil 
650 0 4 |a Derecho Procesal  |z Brasil 
700 1 |a Couto Fernandes de Almeida, Guilherme da Franca 
700 1 |a Pereira, Thomaz 
740 0 |a vLex Libros (Servicio en ln̕ea) 
856 4 0 |u https://vlex.com/source/quem-decide-no-supremo--32806  |z Acceso restringido 
942 |c BOOK 
999 0 |a Constitutional Law 
999 0 |a Procedural Law